[Event "3rd EUR-ch (w)"]
[Site "Varna BUL"]
[Date "2002.05.27"]
[Round "1.33"]
[White "Mira, Helene"]
[Black "Zayats, Elena"]
[Result "0-1"]
[WhiteElo "2127"]
[BlackElo "2346"]
[EventDate "2002.05.27"]
[PlyCount "114"]

1.Nf3 d5 2.d4 Nf6 3.c4 e6 4.Nc3 dxc4 5.e3 a6 6.Bxc4 c5 7.O-O b5 8.Bb3 Bb7 
9.e4 Be7 10.e5 Nd5 11.Nxd5 Bxd5 12.Bxd5 Qxd5 13.dxc5 Qxd1 14.Rxd1 Bxc5 15.
Bf4 Nd7 16.Rac1 h6 17.Rxd7 Kxd7 18.Rxc5 Rhc8 19.Be3 Rxc5 20.Bxc5 Kc6 21.
Bd6 Kd5 22.Kf1 Rc8 23.Bb4 Rc1+ 24.Ne1 Rc4 25.Bf8 g6 26.Bxh6 Kxe5 27.Ke2 
Kf5 28.Be3 Ke4 29.f3+ Kd5 30.Kd2 e5 31.Nd3 a5 32.Bb6 a4 33.a3 f5 34.Bd8 
Ke6 35.Bg5 Rc7 36.g3 Rc8 37.h4 Rc4 38.Bd8 e4 39.Nf4+ Kf7 40.Ba5 exf3 41.
Nh3 Rg4 42.Ng5+ Ke7 43.Bc7 Rc4 44.Bb6 Rg4 45.Bc7 Rc4 46.Be5 Rc2+ 47.Kxc2 
f2 48.Nf3 f1=Q 49.Nd2 Qe2 50.Bf4 Ke6 51.Kc3 Kd5 52.Kc2 Kd4 53.Bb8 Qe7 54.
Nb1 Qb7 55.Bf4 Qe4+ 56.Kc1 Kd3 57.b4 Qc4+ 0-1

[Event "3rd EUR-ch (w)"]
[Site "Varna BUL"]
[Date "2002.05.27"]
[Round "1.34"]
[White "Repkova, Eva"]
[Black "Besheva, Svetla"]
[Result "0-1"]
[WhiteElo "2345"]
[BlackElo "2125"]
[EventDate "2002.05.27"]
[PlyCount "68"]

1.e4 c5 2.b3 d6 3.Bb2 Nf6 4.Nc3 Nc6 5.Bb5 Bd7 6.Nf3 e5 7.h3 g6 8.a4 Bg7 9.
Qe2 a6 10.Bc4 h6 11.O-O-O Rb8 12.g3 Nb4 13.Nh4 Qa5 14.f4 b5 15.axb5 axb5 
16.Bd5 Nfxd5 17.Nxd5 O-O 18.Nxb4 Qxb4 19.Qd3 c4 20.Qc3 Qxc3 21.dxc3 Rb6 
22.Nf3 exf4 23.gxf4 cxb3 24.cxb3 Be6 25.Kc2 Re8 26.Nd4 Bc8 27.Kd3 Bb7 28.
Rhe1 b4 29.c4 Ra6 30.Rd2 f5 31.Nxf5 gxf5 32.Rg1 Bxe4+ 33.Ke3 Re7 34.Rg6 
Kh7 0-1

[Event "3rd EUR-ch (w)"]
[Site "Varna BUL"]
[Date "2002.05.27"]
[Round "1.35"]
[White "Andersson, Christin"]
[Black "Ciuksyte, Dagne"]
[Result "0-1"]
[WhiteElo "2119"]
[BlackElo "2340"]
[EventDate "2002.05.27"]
[PlyCount "172"]

1.e4 c5 2.Nf3 e6 3.c3 Nf6 4.e5 Nd5 5.Bc4 Nc6 6.O-O d6 7.Bxd5 exd5 8.d4 
dxe5 9.Nxe5 Nxe5 10.Re1 Be6 11.dxe5 Be7 12.Nd2 O-O 13.Nf3 h6 14.Be3 Bg4 
15.Qd2 Qd7 16.Qd3 Bxf3 17.gxf3 Rad8 18.Rad1 b6 19.Kh1 Qh3 20.Bf4 f6 21.Rg1
fxe5 22.Bxe5 Bf6 23.Rg3 Qh5 24.Bxf6 Rxf6 25.Re1 Rdf8 26.Re7 R6f7 27.Re3 
Kh8 28.Kg2 Rd7 29.Qe2 Qf7 30.Re6 Qf5 31.Re5 Qf4 32.Rg4 Qf7 33.Re3 Kg8 34.
Re6 Kh7 35.Reg6 Qf5 36.Re6 d4 37.Re5 Qf7 38.cxd4 cxd4 39.Qd3+ Kh8 40.Ree4 
Qf5 41.Rg3 Rd5 42.Qd2 d3 43.Reg4 Rd7 44.Re4 Qd5 45.Rh4 Rf6 46.Re4 Qxa2 47.
Re3 Qd5 48.Rg4 Re6 49.Rxe6 Qxe6 50.Re4 Qg6+ 51.Rg4 Qf5 52.Rg3 Qc5 53.h3 
Qd4 54.f4 Qe4+ 55.Rf3 Kh7 56.Kg3 b5 57.Re3 Qd4 58.Rf3 b4 59.Kg2 Qe4 60.Kg3
a5 61.Re3 Qg6+ 62.Kh2 Rd4 63.Rg3 Qe4 64.b3 Qxf4 65.Qxf4 Rxf4 66.Rxd3 Rxf2+
67.Kg3 Rc2 68.Rd5 Ra2 69.Kg4 Ra3 70.Rb5 Rxb3 71.Rxa5 Rc3 72.Ra6 b3 73.Rb6 
g5 74.Rb7+ Kg6 75.Rb6+ Kg7 76.Rb7+ Kf6 77.Rb6+ Ke5 78.Rxh6 Rc4+ 79.Kxg5 
Rb4 80.Rh8 b2 81.Re8+ Kd6 82.Re1 b1=Q 83.Rxb1 Rxb1 84.h4 Ke7 85.Kh6 Kf7 
86.h5 Rb5 0-1

[Event "3rd EUR-ch (w)"]
[Site "Varna BUL"]
[Date "2002.05.27"]
[Round "1.37"]
[White "Dimovski, Aleksandra"]
[Black "Kosintseva, Nadezhda"]
[Result "0-1"]
[WhiteElo "2114"]
[BlackElo "2336"]
[EventDate "2002.05.27"]
[PlyCount "68"]

1.e4 c5 2.Nf3 d6 3.d4 cxd4 4.Nxd4 Nf6 5.Nc3 g6 6.Bc4 Bg7 7.Be3 O-O 8.h3 a6
9.O-O b5 10.Bb3 Bb7 11.Bg5 Nbd7 12.Nd5 e6 13.Nxf6+ Nxf6 14.f3 Qc7 15.Qd2 
d5 16.e5 Qxe5 17.Bf4 Ne4 18.Bxe5 Nxd2 19.Bxg7 Kxg7 20.Rfe1 Rac8 21.Re2 Nc4
22.c3 e5 23.Bxc4 exd4 24.Bb3 dxc3 25.bxc3 Rxc3 26.Re7 Bc6 27.Ra7 Ra8 28.
Rc7 b4 29.Rd1 a5 30.Rd4 a4 31.Bxd5 Rd8 32.Rf4 Be8 33.Re7 b3 34.axb3 axb3 
0-1

[Event "3rd EUR-ch (w)"]
[Site "Varna BUL"]
[Date "2002.05.27"]
[Round "1.38"]
[White "Aleksieva, Silvia"]
[Black "Jiretorn, Eva"]
[Result "1-0"]
[WhiteElo "2334"]
[BlackElo "2114"]
[EventDate "2002.05.27"]
[PlyCount "109"]

1.d4 Nf6 2.Nf3 g6 3.Nc3 c5 4.d5 Bg7 5.e4 d6 6.a4 O-O 7.Bc4 a6 8.O-O Bg4 9.
h3 Bxf3 10.Qxf3 Nbd7 11.Qe3 Ne8 12.Kh1 Nc7 13.Rb1 Rb8 14.b4 cxb4 15.Rxb4 
a5 16.Rb1 Nc5 17.Bb2 N7a6 18.f4 Qc8 19.Bb5 Nb4 20.Rf2 Qc7 21.f5 Rbc8 22.
Nd1 Bxb2 23.Nxb2 Nca6 24.c4 Qc5 25.Qd2 Nc7 26.Re1 Nxb5 27.axb5 Rcd8 28.e5 
dxe5 29.Rxe5 b6 30.Rxe7 Nxd5 31.Re5 Nb4 32.Rxc5 Rxd2 33.Rxd2 bxc5 34.f6 h6
35.Na4 Kh7 36.Rd7 g5 37.Rc7 Kg6 38.Nxc5 Re8 39.b6 Rb8 40.b7 a4 41.Nxa4 Na6
42.Rc6 Rxb7 43.Rxa6 Rc7 44.c5 Kf5 45.Kh2 h5 46.Kg3 Ke5 47.Kf3 Kd5 48.h4 
gxh4 49.Kf4 Kc4 50.Ke5 Kb5 51.Kd6 Rc8 52.Kd7 Rg8 53.Rb6+ Kxa4 54.c6 Rxg2 
55.c7 1-0

[Event "3rd EUR-ch (w)"]
[Site "Varna BUL"]
[Date "2002.05.27"]
[Round "1.39"]
[White "Sarakauskiene, Zivile"]
[Black "Bosboom-Lanchava, Tea"]
[Result "1/2-1/2"]
[WhiteElo "2105"]
[BlackElo "2330"]
[EventDate "2002.05.27"]
[PlyCount "109"]

1.e4 g6 2.d4 Bg7 3.Be2 d6 4.Nc3 Nf6 5.h4 c5 6.dxc5 Qa5 7.Qd3 Qxc5 8.Be3 
Qa5 9.Qb5+ Qxb5 10.Nxb5 Na6 11.Bd4 O-O 12.f3 Nb4 13.O-O-O Bd7 14.a3 Nc6 
15.Bc3 Rfc8 16.g4 a6 17.Nd4 Nxd4 18.Bxd4 Ba4 19.Rd2 Nd7 20.Bxg7 Kxg7 21.
Bd1 Nc5 22.Kb1 h6 23.Ne2 Bd7 24.Nc3 Bc6 25.Re1 b5 26.Be2 Rab8 27.Nd5 Rb7 
28.Nb4 a5 29.Nd3 Ne6 30.c3 d5 31.exd5 Bxd5 32.Ne5 Nf4 33.Rd4 f6 34.Nd3 
Nxd3 35.Rxd3 e6 36.Rd4 Rc5 37.Red1 g5 38.hxg5 hxg5 39.f4 gxf4 40.Rxf4 e5 
41.Rff1 Rb8 42.b4 Be4+ 43.Bd3 Bxd3+ 44.Rxd3 axb4 45.axb4 Rc4 46.Rdf3 Rb6 
47.g5 fxg5 48.Rf5 Kg6 49.Rxe5 Rxc3 50.Rg1 Rb3+ 51.Kc2 Rxb4 52.Rgxg5+ Kf7 
53.Rgf5+ Rf6 54.Rxb5 Rxb5 55.Rxb5 1/2-1/2

[Event "3rd EUR-ch (w)"]
[Site "Varna BUL"]
[Date "2002.05.27"]
[Round "1.40"]
[White "Velcheva, Maria"]
[Black "Raeva, Elitsa"]
[Result "1-0"]
[WhiteElo "2327"]
[BlackElo "2101"]
[EventDate "2002.05.27"]
[PlyCount "63"]

1.e4 c5 2.Nf3 Nc6 3.d4 cxd4 4.Nxd4 g6 5.c4 Bg7 6.Be3 Nf6 7.Nc3 Ng4 8.Qxg4 
Nxd4 9.Qd1 Ne6 10.Rc1 O-O 11.Bd3 b6 12.O-O Bb7 13.b4 Qe8 14.f4 f5 15.Nd5 
Bxd5 16.cxd5 Nd8 17.e5 e6 18.Rc7 d6 19.exd6 exd5 20.Re1 Nf7 21.Ba6 Qe4 22.
a3 Qe6 23.Bb7 Rad8 24.Qxd5 Qxd6 25.Qxd6 Rxd6 26.Ba6 Re6 27.Bc4 Ree8 28.
Rxa7 Bd4 29.Kf2 Bc3 30.Rc1 Bf6 31.Bxb6 Ra8 32.Bxf7+ 1-0

[Event "3rd EUR-ch (w)"]
[Site "Varna BUL"]
[Date "2002.05.27"]
[Round "1.41"]
[White "Seps, Monika"]
[Black "Jackova, Jana"]
[Result "0-1"]
[WhiteElo "2095"]
[BlackElo "2325"]
[EventDate "2002.05.27"]
[PlyCount "88"]

1.e4 e5 2.Nf3 Nc6 3.Bc4 Bc5 4.Nc3 d6 5.h3 a6 6.d3 Na5 7.Bb3 Nxb3 8.axb3 h6
9.O-O Ne7 10.Be3 Nc6 11.Ne2 O-O 12.d4 Ba7 13.Ng3 Qf6 14.d5 Ne7 15.b4 Bxe3 
16.fxe3 Qg6 17.Qe1 Bd7 18.Nh4 Qh7 19.c4 c6 20.c5 cxd5 21.cxd6 Ng6 22.Nhf5 
dxe4 23.Qf2 f6 24.Nxe4 Rf7 25.Rac1 Bc6 26.Qc2 Kh8 27.Nc5 e4 28.Nd4 Bd5 29.
Rf5 Ne5 30.Nxe4 Rd8 31.Nc3 Bc4 32.Qa4 Rfd7 33.b3 Bd3 34.Rf4 Rxd6 35.b5 Qg6
36.Nf3 axb5 37.Qa7 b4 38.Nxe5 fxe5 39.Rxb4 e4 40.Rxb7 Kh7 41.Rb8 Qg3 42.
Rxd8 Rg6 43.Qa2 Qxe3+ 44.Qf2 Qxc1+ 0-1

[Event "3rd EUR-ch (w)"]
[Site "Varna BUL"]
[Date "2002.05.27"]
[Round "1.42"]
[White "Velikhanli, Firuza"]
[Black "Movsisian, Naira"]
[Result "1/2-1/2"]
[WhiteElo "2320"]
[BlackElo "2078"]
[EventDate "2002.05.27"]
[PlyCount "150"]

1.e4 d6 2.d4 Nf6 3.Bd3 c6 4.f4 e5 5.c3 Qc7 6.Nf3 Nbd7 7.O-O Be7 8.h3 O-O 
9.Be3 b6 10.Nbd2 a5 11.fxe5 dxe5 12.dxe5 Nxe5 13.Nxe5 Qxe5 14.Nc4 Qb8 15.
Qf3 c5 16.Bf4 Qb7 17.a4 Rd8 18.Qe2 Be6 19.Bg5 Rac8 20.e5 Nd5 21.Bxe7 Qxe7 
22.Nd6 Rc7 23.Qe4 g6 24.Bc4 Rxd6 25.exd6 Qxd6 26.Rad1 Rd7 27.Bxd5 Bxd5 28.
Qe8+ Kg7 29.c4 Qe6 30.Qxe6 Bxe6 31.Rxd7 Bxd7 32.b3 Kf8 33.Rd1 Ke7 34.Kf2 
h5 35.Ke3 f6 36.Kf4 g5+ 37.Kg3 h4+ 38.Kf2 Bc6 39.g3 hxg3+ 40.Kxg3 Bd7 41.
h4 gxh4+ 42.Kxh4 Bf5 43.Re1+ Kd7 44.Kg3 Bc2 45.Re3 f5 46.Kf4 Kd6 47.Rc3 
Be4 48.Rh3 Bc2 49.Rg3 Kc7 50.Ke5 Be4 51.Rg7+ Kc6 52.Rg6+ Kc7 53.Rh6 Bc2 
54.Rh3 Be4 55.Re3 Bc2 56.Kd5 Be4+ 57.Ke6 Kc8 58.Ke7 Kc7 59.Re2 Bd3 60.Rd2 
Be4 61.Ke6 Kc6 62.Ke5 Kc7 63.Rh2 Kc6 64.Kf4 Kc7 65.Ke3 Kc6 66.Kd2 Kc7 67.
Rh6 Bb1 68.Rh3 Kc6 69.Ke3 Be4 70.Kf4 Bc2 71.Ke5 Be4 72.Ke6 Bc2 73.Rc3 Be4 
74.Ke5 Kc7 75.Re3 Kc6 1/2-1/2

[Event "3rd EUR-ch (w)"]
[Site "Varna BUL"]
[Date "2002.05.27"]
[Round "1.43"]
[White "Doncheva, Marinela"]
[Black "Zakurdyaeva, Irina"]
[Result "1-0"]
[WhiteElo "2077"]
[BlackElo "2318"]
[EventDate "2002.05.27"]
[PlyCount "86"]

1.d4 d5 2.c4 c6 3.e3 Nf6 4.Nc3 a6 5.Nf3 b5 6.b3 Bg4 7.Be2 e6 8.Ne5 Bxe2 9.
Qxe2 Nbd7 10.O-O Rc8 11.Bb2 Bb4 12.a4 bxc4 13.bxc4 O-O 14.Na2 a5 15.Nxb4 
axb4 16.Nd3 Qa5 17.c5 Rb8 18.f3 Rb7 19.Nc1 Ra8 20.Nb3 Qc7 21.e4 dxe4 22.
fxe4 e5 23.Qc4 exd4 24.Qxd4 Re8 25.Rae1 Ne5 26.Rf5 Neg4 27.e5 Qd7 28.Rff1 
Qxd4+ 29.Nxd4 Nxe5 30.Nf5 Nd3 31.Rb1 Nxb2 32.Nd6 Nxa4 33.Nxb7 Nd5 34.Na5 
Rc8 35.Nb3 g6 36.Ra1 Nac3 37.Ra7 f5 38.Rfa1 Nc7 39.Rb7 N3b5 40.Ra6 Nd5 41.
Na5 Nd4 42.Raa7 Ne6 43.Rxh7 Ndc7 1-0

[Event "3rd EUR-ch (w)"]
[Site "Varna BUL"]
[Date "2002.05.27"]
[Round "1.44"]
[White "Djingarova, Emilia"]
[Black "Bratimirova, Dimitrinka"]
[Result "1-0"]
[WhiteElo "2315"]
[BlackElo "2076"]
[EventDate "2002.05.27"]
[PlyCount "57"]

1.e4 e5 2.Bc4 Nf6 3.d3 Nc6 4.Nc3 d6 5.f4 exf4 6.Bxf4 Na5 7.Qe2 Nxc4 8.dxc4
Be7 9.O-O-O Bg4 10.Nf3 Qc8 11.Nd5 Nxd5 12.exd5 Qf5 13.Bg3 Bxf3 14.gxf3 Kf8
15.Rhe1 Re8 16.Kb1 Qd7 17.c5 g6 18.Qd2 Kg7 19.cxd6 Bxd6 20.Qd4+ f6 21.Bxd6
Qxd6 22.h4 a5 23.h5 c6 24.Qb6 Qxd5 25.Qxb7+ Kh6 26.Rh1 Qxf3 27.hxg6+ Kxg6 
28.Rdg1+ Kf5 29.Rf1 1-0

[Event "3rd EUR-ch (w)"]
[Site "Varna BUL"]
[Date "2002.05.27"]
[Round "1.45"]
[White "Shtereva, Slaveja"]
[Black "Nepeina-Leconte, Maria"]
[Result "0-1"]
[WhiteElo "2071"]
[BlackElo "2308"]
[EventDate "2002.05.27"]
[PlyCount "28"]

1.c4 e6 2.Nc3 d5 3.cxd5 exd5 4.d4 c5 5.Nf3 Nc6 6.Bf4 Nf6 7.e3 c4 8.Be2 Be7
9.h3 O-O 10.O-O Be6 11.Ne5 Rc8 12.b3 Qa5 13.Qd2 Bb4 14.Rfc1 Ne4 0-1

[Event "3rd EUR-ch (w)"]
[Site "Varna BUL"]
[Date "2002.05.27"]
[Round "1.46"]
[White "Mashinskaya, Yulia"]
[Black "Karahaliou, Elia"]
[Result "1-0"]
[WhiteElo "2300"]
[BlackElo "2058"]
[EventDate "2002.05.27"]
[PlyCount "163"]

1.d4 Nf6 2.Nc3 e6 3.e4 Bb4 4.Bd3 c5 5.dxc5 Na6 6.e5 Nd5 7.Bd2 Bxc3 8.bxc3 
Nxc5 9.Qg4 Kf8 10.Nf3 d6 11.c4 Ne7 12.Qd4 Nc6 13.Qxd6+ Qxd6 14.exd6 b6 15.
Be3 Nb7 16.Be4 Bd7 17.O-O-O f6 18.Nd4 Nca5 19.Nb5 Kf7 20.Bd2 Bc6 21.Bxc6 
Nxc6 22.Rhe1 e5 23.f4 a6 24.Nc7 Rad8 25.fxe5 Nxe5 26.Bc3 Nxd6 27.Bxe5 fxe5
28.Rxe5 Nxc4 29.Rf1+ Kg6 30.Re6+ Kh5 31.Rf5+ g5 32.Rc6 Ne3 33.Rf3 Nxg2 34.
Ne6 Rd7 35.Rg3 Nf4 36.Rxg5+ Kh4 37.Rc4 Rf7 38.Rg7 Rxg7 39.Nxg7 Kg5 40.h4+ 
Kg6 41.Rxf4 Kxg7 42.Rb4 b5 43.a4 Rb8 44.Kb2 Kf6 45.c4 Rg8 46.axb5 axb5 47.
cxb5 Ke5 48.Rc4 Rb8 49.Rb4 Kd5 50.Kc3 Rc8+ 51.Kd3 Rb8 52.Ke3 Kc5 53.Rb1 
Kb6 54.Kf4 Rd8 55.Kg5 Rd7 56.h5 Rd6 57.h6 Rg6+ 58.Kh5 Rd6 59.Rg1 Rd8 60.
Rg7 Rh8 61.Kg5 Kxb5 62.Kf6 Kc6 63.Re7 Kd6 64.Re2 Rg8 65.Re6+ Kd5 66.Re5+ 
Kd6 67.Rh5 Rg2 68.Kf7 Rg6 69.Kf8 Kd7 70.Rd5+ Rd6 71.Rh5 Rg6 72.Kf7 Kd6 73.
Ke8 Re6+ 74.Kf8 Rg6 75.Ra5 Re6 76.Ra7 Re3 77.Rxh7 Rh3 78.Kg8 Rb3 79.Rf7 
Ke6 80.h7 Rh3 81.Rg7 Kf6 82.h8=Q 1-0

[Event "3rd EUR-ch (w)"]
[Site "Varna BUL"]
[Date "2002.05.27"]
[Round "1.47"]
[White "Stoilkovska, Sanja"]
[Black "Lallemand, Roza"]
[Result "0-1"]
[WhiteElo "2049"]
[BlackElo "2300"]
[EventDate "2002.05.27"]
[PlyCount "46"]

1.e4 c5 2.Nf3 e6 3.d4 cxd4 4.Nxd4 a6 5.Be3 Nf6 6.Bd3 Nc6 7.Nxc6 bxc6 8.f4 
Qa5+ 9.Nd2 Bc5 10.Qf3 Rb8 11.Bxc5 Qxc5 12.e5 Nd5 13.Nc4 O-O 14.f5 exf5 15.
Qxf5 g6 16.Qf3 Rb4 17.b3 Qd4 18.Rc1 Qc3+ 19.Ke2 d6 20.Be4 Rxc4 21.bxc4 
Qxc4+ 22.Bd3 Qd4 23.Rhe1 Bg4 0-1

[Event "3rd EUR-ch (w)"]
[Site "Varna BUL"]
[Date "2002.05.27"]
[Round "1.48"]
[White "Voiska, Margarita"]
[Black "Cavusoglu, Yildiz"]
[Result "1-0"]
[WhiteElo "2300"]
[BlackElo "2036"]
[EventDate "2002.05.27"]
[PlyCount "85"]

1.c4 e6 2.Nc3 d5 3.e3 Nf6 4.Nf3 Be7 5.d4 O-O 6.Bd3 dxc4 7.Bxc4 c5 8.O-O 
Nc6 9.Qe2 Qc7 10.a3 cxd4 11.exd4 a6 12.Bg5 b5 13.Ba2 Bb7 14.Rfd1 b4 15.Na4
a5 16.Rac1 Ba6 17.Qc2 Bb5 18.Nc5 a4 19.Bxf6 Bxf6 20.Bb1 g6 21.Ne4 Be7 22.
d5 exd5 23.Rxd5 Qb6 24.Nd6 Bxd6 25.Rxd6 Qb7 26.axb4 Nxb4 27.Qd2 Na6 28.h4 
Rfc8 29.Rd1 Be8 30.h5 Nc5 31.Ng5 Qe7 32.hxg6 hxg6 33.Qd5 Kg7 34.Qd4+ f6 
35.Ba2 Qe5 36.Qxe5 fxe5 37.Re1 Nd7 38.Be6 Rc7 39.Bd5 Rac8 40.Ne6+ Kh6 41.
Nxc7 Rxc7 42.Bc6 Nf6 43.Rc1 1-0

[Event "3rd EUR-ch (w)"]
[Site "Varna BUL"]
[Date "2002.05.27"]
[Round "1.50"]
[White "Sikorova, Olga"]
[Black "Topel, Zehra"]
[Result "1-0"]
[WhiteElo "2298"]
[BlackElo "2023"]
[EventDate "2002.05.27"]
[PlyCount "163"]

1.f4 d5 2.Nf3 g6 3.e3 Bg7 4.Nc3 f5 5.b3 Nf6 6.Bb2 O-O 7.Ne2 c5 8.Nc1 Nc6 
9.Nd3 Ne4 10.Bxg7 Kxg7 11.Qc1 e6 12.Qb2+ Qf6 13.Nde5 Nxe5 14.Qxe5 Qxe5 15.
Nxe5 a6 16.a4 b6 17.Be2 Nf6 18.g4 Nd7 19.Nxd7 Bxd7 20.gxf5 Rxf5 21.h4 Bc6 
22.Rg1 d4 23.O-O-O b5 24.a5 Re8 25.h5 e5 26.hxg6 hxg6 27.Bd3 e4 28.Be2 Bd5
29.Rg3 Rh8 30.Rdg1 Rf6 31.Rg5 Rh2 32.Rxd5 Rxe2 33.Kd1 Rh2 34.Rxc5 dxe3 35.
Rc7+ Kf8 36.dxe3 Rh3 37.Re1 Ke8 38.Kc1 Kd8 39.Rc3 Rd6 40.b4 Kd7 41.Rg1 Rh5
42.Kb2 Ke7 43.Rc7+ Kf6 44.Rb7 Rhd5 45.Rg2 Rc6 46.Rh2 Kf5 47.Kc1 Rd3 48.Rb6
Rdc3 49.Rd2 Kg4 50.Rxc6 Rxc6 51.Rd4 Kf3 52.Rd2 Re6 53.c3 Rc6 54.Rd5 Kf2 
55.Rd8 Re6 56.Rd4 Kf3 57.Rd5 Kf2 58.f5 gxf5 59.Rxf5+ Kg3 60.Rf4 Rd6 61.Kc2
Re6 62.Kb3 Kg2 63.c4 bxc4+ 64.Kxc4 Kg3 65.Kd5 Re8 66.Rxe4 Rb8 67.Kc5 Kf3 
68.Re6 Ra8 69.b5 axb5 70.Kxb5 Rb8+ 71.Kc6 Ra8 72.Kb6 Rb8+ 73.Kc7 Rb3 74.a6
Rc3+ 75.Kb7 Rb3+ 76.Rb6 Rxe3 77.a7 Re7+ 78.Ka6 Re8 79.Rb8 Re6+ 80.Kb5 Re5+
81.Kc6 Re6+ 82.Kd7 1-0

[Event "3rd EUR-ch (w)"]
[Site "Varna BUL"]
[Date "2002.05.27"]
[Round "1.52"]
[White "Krupkova, Petra"]
[Black "Ingolfsdottir, Harpa"]
[Result "1-0"]
[WhiteElo "2293"]
[BlackElo "2002"]
[EventDate "2002.05.27"]
[PlyCount "67"]

1.e4 e6 2.d4 d5 3.Nc3 Nf6 4.e5 Nfd7 5.f4 c5 6.Nf3 Nc6 7.Be3 cxd4 8.Nxd4 
Nxd4 9.Bxd4 a6 10.Qd2 Be7 11.Bd3 Nb8 12.Qf2 O-O 13.Bb6 Qe8 14.O-O-O Nd7 
15.Bd4 b5 16.g4 Bb7 17.g5 Rc8 18.Qh4 g6 19.Qh6 Bc5 20.Bxc5 Nxc5 21.Rhg1 d4
22.Rg3 f5 23.gxf6 Nxd3+ 24.Rgxd3 Rf7 25.Rxd4 a5 26.Nxb5 Be4 27.Rxe4 Qxb5 
28.Red4 Qb6 29.Rd6 Qc7 30.c3 a4 31.a3 Qa5 32.R1d3 Qa8 33.Qh3 Qe4 34.Rd8+ 
1-0

[Event "3rd EUR-ch (w)"]
[Site "Varna BUL"]
[Date "2002.05.28"]
[Round "2.1"]
[White "Galliamova, Alisa"]
[Black "Zimina, Olga"]
[Result "0-1"]
[WhiteElo "2500"]
[BlackElo "2360"]
[EventDate "2002.05.27"]
[PlyCount "119"]

1.e4 c6 2.d4 d5 3.Nd2 dxe4 4.Nxe4 Bf5 5.Ng3 Bg6 6.h4 h6 7.Nf3 e6 8.Ne5 Bh7
9.Bd3 Bxd3 10.Qxd3 Nd7 11.f4 Ngf6 12.Bd2 Bd6 13.O-O-O Qc7 14.Ne4 Nxe4 15.
Qxe4 O-O 16.g4 f5 17.Qe2 Nf6 18.Ng6 Rfe8 19.g5 Ne4 20.Rhg1 Kh7 21.gxh6 
gxh6 22.Be3 Qa5 23.Kb1 Rg8 24.h5 a6 25.Rg2 Rae8 26.c4 b5 27.c5 Bb8 28.Bf2 
Nf6 29.Bh4 Nd5 30.Qf3 Qc7 31.Re1 Qg7 32.Rd1 Qc7 33.Re2 Qg7 34.Qf2 Bc7 35.
Rde1 Ba5 36.Rg1 Bc7 37.Rg2 Qf7 38.Qf3 Bb8 39.Re1 Qg7 40.Qd3 Qf7 41.Qf3 Qg7
42.Bf2 Qf7 43.Reg1 Bc7 44.Be3 Rd8 45.Bc1 Qf6 46.Ne5 Rxg2 47.Rxg2 Bxe5 48.
fxe5 Qf7 49.Rg6 f4 50.Rf6 Nxf6 51.exf6 Qxf6 52.Qxc6 Rxd4 53.Qb7+ Kg8 54.
Qa8+ Rd8 55.Qg2+ Kf8 56.Qf3 e5 57.a3 Qf5+ 58.Ka1 Qc2 59.Qh1 Qd1 60.b3 0-1

[Event "3rd EUR-ch (w)"]
[Site "Varna BUL"]
[Date "2002.05.28"]
[Round "2.2"]
[White "Zayats, Elena"]
[Black "Kovalevskaya, Ekaterina"]
[Result "0-1"]
[WhiteElo "2346"]
[BlackElo "2482"]
[EventDate "2002.05.27"]
[PlyCount "69"]

1.d4 Nf6 2.c4 d6 3.Nc3 e5 4.Nf3 Nbd7 5.g3 Be7 6.Bg2 O-O 7.O-O c6 8.Qc2 Qe8
9.b3 Rb8 10.Rd1 b5 11.c5 b4 12.cxd6 Bxd6 13.Na4 Qe7 14.Bg5 Ba6 15.dxe5 
Nxe5 16.Nd4 Rbd8 17.Nf5 Qe6 18.Nxd6 Rxd6 19.Nc5 Rxd1+ 20.Rxd1 Qc8 21.Bxf6 
gxf6 22.Be4 Bb5 23.Bxh7+ Kg7 24.Bf5 Qe8 25.f4 Ng6 26.e4 Ne7 27.Bh3 Rh8 28.
Kg2 Rh6 29.Bd7 Qh8 30.h4 Rg6 31.Rh1 Qh5 32.f5 Be2 33.Kh2 Rxg3 34.Kxg3 Bg4 
35.Kf4 0-1

[Event "3rd EUR-ch (w)"]
[Site "Varna BUL"]
[Date "2002.05.28"]
[Round "2.3"]
[White "Ciuksyte, Dagne"]
[Black "Stefanova, Antoaneta"]
[Result "0-1"]
[WhiteElo "2340"]
[BlackElo "2473"]
[EventDate "2002.05.27"]
[PlyCount "52"]

1.e4 e5 2.Nf3 Nc6 3.Bb5 a6 4.Ba4 Nf6 5.O-O b5 6.Bb3 Bc5 7.a4 Rb8 8.c3 d6 
9.d4 Bb6 10.axb5 axb5 11.Na3 Bg4 12.Nxb5 O-O 13.Bc2 exd4 14.cxd4 Re8 15.
Ra4 Qd7 16.Re1 h6 17.Nc3 Bxf3 18.gxf3 Qh3 19.Bd3 Nxd4 20.Be2 Ne6 21.Bf1 
Qh4 22.Qd2 Nf4 23.Nd1 N6h5 24.Qc3 Re6 25.Qc2 Rg6+ 26.Kh1 Nh3 0-1

[Event "3rd EUR-ch (w)"]
[Site "Varna BUL"]
[Date "2002.05.28"]
[Round "2.4"]
[White "Peng Zhaoqin"]
[Black "Aleksieva, Silvia"]
[Result "1/2-1/2"]
[WhiteElo "2472"]
[BlackElo "2334"]
[EventDate "2002.05.27"]
[PlyCount "76"]

1.d4 Nf6 2.Nf3 c5 3.c4 g6 4.Nc3 cxd4 5.Nxd4 Nc6 6.e4 Nxd4 7.Qxd4 d6 8.Bg5 
Bg7 9.Qd2 Qa5 10.f3 Be6 11.Rc1 Rc8 12.b3 a6 13.Bd3 O-O 14.Nd5 Qxd2+ 15.
Kxd2 Rfe8 16.Nxf6+ Bxf6 17.Bxf6 exf6 18.g4 Bd7 19.h4 Rc5 20.b4 Rc7 21.h5 
Be6 22.Rc2 Rec8 23.h6 Kf8 24.Rhc1 Ke7 25.a3 b6 26.Ke3 Ra8 27.Rb1 Rac8 28.
Kd4 Bd7 29.Rc3 Ke8 30.Rbc1 Ke7 31.c5 dxc5+ 32.bxc5 b5 33.Be2 Be6 34.f4 
Rd8+ 35.Ke3 Rdc8 36.Kd4 Rd8+ 37.Ke3 Rdc8 38.Kd4 Rd8+ 1/2-1/2

[Event "3rd EUR-ch (w)"]
[Site "Varna BUL"]
[Date "2002.05.28"]
[Round "2.5"]
[White "Kosintseva, Nadezhda"]
[Black "Kachiani-Gersinska, Ketino"]
[Result "1-0"]
[WhiteElo "2336"]
[BlackElo "2465"]
[EventDate "2002.05.27"]
[PlyCount "105"]

1.e4 c6 2.d4 d5 3.exd5 cxd5 4.c4 Nf6 5.Nc3 Nc6 6.Bg5 e6 7.Nf3 Be7 8.Rc1 
O-O 9.a3 h6 10.Be3 Ne4 11.Bd3 Nxc3 12.Rxc3 Bf6 13.Bb1 Ne7 14.Qd3 Ng6 15.h4
Re8 16.h5 dxc4 17.Rxc4 Nf8 18.Ne5 Bd7 19.Qe4 Bxe5 20.Qxe5 f6 21.Qg3 Qb8 
22.Bf4 e5 23.dxe5 Ne6 24.Bxh6 Qxe5+ 25.Qxe5 fxe5 26.Be3 Nf4 27.Be4 Bg4 28.
Rh4 Be6 29.Rc7 Bf5 30.Bxb7 Rab8 31.g3 Ne6 32.Bd5 Rxb2 33.Rb4 Rxb4 34.axb4 
Rd8 35.Bc4 Kh8 36.Rxa7 Nd4 37.Bxd4 exd4 38.Kd2 d3 39.Ra3 Rb8 40.b5 Kh7 41.
Rb3 Kh6 42.Bxd3 Be6 43.Rb4 Kxh5 44.b6 Kg5 45.Be4 Kf6 46.b7 Ke5 47.Ke3 Kd6 
48.Ra4 Kc7 49.Ra8 g5 50.Rxb8 Kxb8 51.f3 Bh3 52.Kd4 Kc7 53.Ke5 1-0

[Event "3rd EUR-ch (w)"]
[Site "Varna BUL"]
[Date "2002.05.28"]
[Round "2.6"]
[White "Velcheva, Maria"]
[Black "Khurtsidze, Nino"]
[Result "0-1"]
[WhiteElo "2327"]
[BlackElo "2446"]
[EventDate "2002.05.27"]
[PlyCount "92"]

1.e4 c5 2.Nf3 d6 3.d4 cxd4 4.Nxd4 Nf6 5.Nc3 Nc6 6.g3 g6 7.Nde2 Bg7 8.Bg2 
O-O 9.O-O Rb8 10.a4 a6 11.Nd5 Nd7 12.c3 b5 13.axb5 axb5 14.Nd4 Nde5 15.f4 
Nxd4 16.fxe5 Nc6 17.exd6 exd6 18.Bf4 Ne5 19.Kh1 Bg4 20.Qd2 Nc4 21.Qf2 Be6 
22.Rad1 Ra8 23.b3 Ne5 24.Qd2 Ra3 25.Qb2 Qa5 26.Bg5 Ra8 27.b4 Nc4 28.Qf2 
Qa7 29.Nf6+ Kh8 30.Qf4 h5 31.Bh6 Qe7 32.Bg5 Qf8 33.Qh4 Bh6 34.Nxh5 Bxg5 
35.Qxg5 gxh5 36.e5 Nxe5 37.Qxh5+ Kg8 38.Qg5+ Qg7 39.Qxg7+ Kxg7 40.Bxa8 
Rxa8 41.Rxd6 Ra2 42.Kg1 Bh3 43.Rf4 Rg2+ 44.Kh1 Rc2 45.Kg1 Ng4 46.Rdd4 Rc1+
0-1

[Event "3rd EUR-ch (w)"]
[Site "Varna BUL"]
[Date "2002.05.28"]
[Round "2.8"]
[White "Jackova, Jana"]
[Black "Foisor, Cristina"]
[Result "1-0"]
[WhiteElo "2325"]
[BlackElo "2437"]
[EventDate "2002.05.27"]
[PlyCount "93"]

1.e4 d6 2.d4 g6 3.Nf3 Bg7 4.Bd3 a6 5.Bf4 c5 6.c3 Nc6 7.d5 Ne5 8.Nxe5 dxe5 
9.Be3 Qc7 10.a4 Nf6 11.h3 O-O 12.O-O c4 13.Bc2 e6 14.d6 Qc6 15.a5 Rd8 16.
Nd2 Rxd6 17.Qe2 Nd5 18.exd5 exd5 19.Ba4 Qc7 20.Bb6 Qb8 21.Bc5 Re6 22.Rfd1 
Bf8 23.Qe3 b5 24.axb6 Bb7 25.b3 d4 26.cxd4 exd4 27.Qxd4 Bg7 28.Qxc4 Bxa1 
29.Rxa1 Qe5 30.Qc1 Rc8 31.b4 a5 32.Nf3 Bxf3 33.gxf3 Rxb6 34.Bd7 Rc7 35.
Rxa5 Rb8 36.Bb5 Rd8 37.Bf1 h5 38.Qe3 Qf6 39.Bb6 Rb7 40.Bxd8 Qxd8 41.Re5 
Kh7 42.Re8 Qf6 43.b5 Rd7 44.Qe5 Qxe5 45.Rxe5 Rd1 46.Re7 Kg7 47.Kg2 1-0

[Event "3rd EUR-ch (w)"]
[Site "Varna BUL"]
[Date "2002.05.28"]
[Round "2.9"]
[White "Nepeina-Leconte, Maria"]
[Black "Zhukova, Natalia"]
[Result "1/2-1/2"]
[WhiteElo "2308"]
[BlackElo "2425"]
[EventDate "2002.05.27"]
[PlyCount "58"]

1.e4 e6 2.d4 d5 3.Nc3 Nf6 4.e5 Nfd7 5.f4 c5 6.Nf3 Nc6 7.Be3 cxd4 8.Nxd4 
Bc5 9.Qd2 O-O 10.O-O-O a6 11.h4 Nxd4 12.Bxd4 b5 13.Kb1 b4 14.Na4 Bxd4 15.
Qxd4 a5 16.Bb5 Rb8 17.Be2 Qc7 18.Rh3 Bb7 19.Rc1 Bc6 20.Nc5 Qb6 21.Nb3 a4 
22.Qxb6 Rxb6 23.Nd4 Rfb8 24.Re3 Ba8 25.Bf3 g6 26.g4 Nc5 27.Ne2 Kg7 28.Rd1 
Bb7 29.Rd4 Ba6 1/2-1/2

[Event "3rd EUR-ch (w)"]
[Site "Varna BUL"]
[Date "2002.05.28"]
[Round "2.10"]
[White "Prudnikova, Svetlana"]
[Black "Mashinskaya, Yulia"]
[Result "1/2-1/2"]
[WhiteElo "2422"]
[BlackElo "2300"]
[EventDate "2002.05.27"]
[PlyCount "53"]

1.c4 e5 2.g3 Nf6 3.Bg2 d5 4.cxd5 Nxd5 5.Nf3 Nc6 6.O-O Be7 7.Nc3 Nb6 8.a3 
O-O 9.b4 Be6 10.Rb1 f6 11.d3 Qd7 12.Ne4 Rab8 13.Qc2 a5 14.b5 Na7 15.a4 Nd5
16.Bd2 Nb4 17.Bxb4 Bxb4 18.Nc5 Bxc5 19.Qxc5 b6 20.Qe3 Bd5 21.Rfc1 Rfc8 22.
Nd2 Bxg2 23.Kxg2 c5 24.bxc6 Rxc6 25.Nc4 Qc7 26.Qe4 Rd8 27.Ra1 1/2-1/2